1228 1509 1838 1792 1228 1820 1527 1296 1789 1256 1036 1998 1899 1688 1840 1282 1159 1662 1099 1909 1294 1540 1297 1802 1841 1120 1876 1330 1406 1429 1478 1313 1504 1636 1428 1931 1273 1543 1307 1657 1403 1023 1895 1053 1372 1546 1195 1488 1834 1303 1669 1984 1705 1512 1872 1160 1946 1555 1538 1140 1092 1760 1545 1988 1372 1641 1524 1983 1151 1241 1663 1298 1585 1447 1462 1032 1273 1842 1040 1197 1119 1453 1461 1872 1931 1636 1514 1201 1788 1223 1236 1803 1047 1327 1474 1500 1361 1235 1389 BCNSPRNW ULIB Ver.6.0+V

เปลี่ยนเป็นภาษาไทย

Change to English
 แสดงรายละเอียดบรรณานุกรม
  กลับหน้าหลัก

Brief Record : Get Marc (ISO 2709) : E-mail record : QR code < ปิดหน้าต่าง
LEADER : 00000nam 2200000uu 4500
001    13399129143
003     ULIB
008    250718s||||||||th 000 0 tha d
020    ^a9786166081107
050  4 ^aH62^bป414ก
100 0  ^aประสิทธิ์ ลีระพันธ์.
245 1  ^aการวิจัยเพื่อเข้าใจปัญหาสุขภาพ :^bแนวคิดและกระบวนการปฏิบัติการ การวิจัยเชิงปริมาณและการวิจัยเชิงคุณภาพ /^cประสิทธิ์ ลีระพันธ์.
246 3  ^aการวิจัยเชิงปริมาณและการวิจัยเชิงคุณภาพ
246 3  ^aแนวคิดและกระบวนการปฏิบัติการ การวิจัยเชิงปริมาณและการวิจัยเชิงคุณภาพ
250    ^aพิมพ์ครั้งที่ 1.
260    ^aกรุงเทพฯ :^bเจริญดีมั่นคงการพิมพ์,^c2567
300    ^a276 หน้า :^bแผนภูมิ ;^c25 ซม.
505 0  ^aความเข้าใจพื้นฐานเกี่ยวกับการวิจัย -- จริยธรรมการวิจัย -- แนวคิดพื้นฐานเรื่องการวิจัย -- กระบวนการของการวิจัย -- การทบทวนวรรณกรรมที่เกี่ยวข้อง -- ขั้นตอนที่ 1 : แหล่งข้อมูลวิจัย -- ขั้นตอนที่ 2 : เครื่องมือเก็บข้อมูลวิจัย -- ขั้นตอนที่ 3 : การเก็บรวบรวมข้อมูลวิจัย -- ขั้นตอนที่ 4 : การวิเคราะห์ข้อมูลวิจัย -- การเขียนรายงานการวิจัยและการเผยแพร่ -- แนวคิดและเทคนิคการเขียนประเด็นของปัญหาวิจัย -- แนวคิดและเทคนิคการเขียนระเบียบวิธีวิจัยและผลการวิจัย
650  4 ^aการวิจัยเชิงปริมาณ.
650  4 ^aวิจัย.
650  4 ^aสุขวิทยา^xวิจัย
650  7 ^aวิจัยเชิงคุณภาพ
650  7 ^aวิจัยเชิงปริมาณ
650  7 ^aสุขภาพ^xวิจัย
945    ^p300^l0^i30574
945    ^p300^l0^i30575
999    ^aกัณชพร จุลอักษร
รายการนี้ยังไม่มีแท็ก
คุณยังไม่ได้ล็อกอิน คุณสามารถมีกิจกรรมร่วมกับเว็บไซต์ได้ แต่ต้องล็อกอินก่อน ::
  ล็อกอิน

รายการสื่อสารสนเทศ

ลำดับที่ ประเภท เลขเรียก/บาร์โค้ด สถานที่ สถานะ
1. หนังสือสำรอง
หนังสือสำรอง
H62 ป414ก ฉ.1 
  Barcode: 30574
ห้องสมุดวิทยาเขตนครสวรรค์
►หนังสือทั่วไป:l:General Books
บนชั้น
2. วิทยาศาสตร์การแพทย์ และสุขภาพ
วิทยาศาสตร์การแพทย์ และสุขภาพ
H62 ป414ก ฉ.2 
  Barcode: 30575
ห้องสมุดวิทยาเขตนครสวรรค์
►หนังสือทั่วไป:l:General Books
บนชั้น

รายการใกล้เคียง
    ผู้แต่ง [ประสิทธิ์ ลีระพันธ์.]

    หัวเรื่อง [การวิจัยเชิงปริมาณ.]
    หัวเรื่อง [วิจัย.]
    หัวเรื่อง [วิจัยเชิงคุณภาพ]
    หัวเรื่อง [วิจัยเชิงปริมาณ]

BibComment


ยังไม่เคยถูกคอมเมนท์

คอมเมนท์ทรัพยากรรายการนี้
  คอมเมนท์: การวิจัยเพื่อเข้..


 Copyright 2026. Bcnsprnw @Library